A Cseh-Tót Nyelvegység Ügye Cseh Nyelvemlékek És A Mai Tót Népnyelv Hangtani Különségei

Bibliographic Details
Main Author: Gerő, János 1873-1920 (Author)
Corporate Author: Egyetemi Nyomda (Budapešť, Maďarsko) (Printer)
Format: Book
Language:Hungarian
PhysicalDescription:51 strán 22 cm
Published: [Budapest] Táltos Bizománya
Series:Az Orsz. Néptanulmányi Egyesület Kiadványai
Subjects:

MARC

LEADER 00000cam a2200000 4500
001 vtls011780669
003 SK-MaSNL
005 20260301183639.0
008 200612s1918 hu 000 0 hun
015 |a SNBA1918 
035 |a urn:nbn:sk:snk-am00d501 
035 |a urn:nbn:sk:snk-am3hlx4 
035 |a 6231BD20-38E7-4162-A0B8-3627BBA86804 
040 |a SNK  |b slo  |c SNK  |e rda 
041 0 |a hun 
044 |a hu  |c HU 
072 7 |a 81  |x Lingvistika. Jazyky  |2 konspekt 
080 |a 81'1  |2 2011 
080 |a (048.8)  |2 2011 
080 |a 811.162.3  |2 2011 
080 |a 811.162.4  |2 2011 
080 |a 81'34  |2 2011 
080 |a 094  |2 2011 
100 1 |a Gerő, János  |d 1873-1920  |4 aut  |9 559176 
245 1 2 |a A Cseh-Tót Nyelvegység Ügye  |b Cseh Nyelvemlékek És A Mai Tót Népnyelv Hangtani Különségei  |c Irta Dr. Gerő János 
264 1 |a [Budapest]  |b Táltos Bizománya 
264 3 |a Budapest  |b M. Kir. Tudományegyetemi Nyomda  |c 1918 
300 |a 51 strán  |c 22 cm 
336 |a text  |b txt  |2 rdacontent 
337 |a bez média  |b n  |2 rdamedia 
338 |a zväzok  |b nc  |2 rdacarrier 
490 1 |a Az Orsz. Néptanulmányi Egyesület Kiadványai  |v I. 
500 |a Kolácia dokumentu podľa exemplára SVKPO: 51 s., 1/8-3/8,4/2 [=26] list.; 8° ; 20,5 x 14 cm. 
500 |a V texte sa vyskytuje slovenčina, čeština a ojedinele aj latinčina 
504 |a Bibliografické odkazy; poznámky pod textom 
561 |a Proveniencia: Pečiatky: Štátna vedecká knižnica v Prešove - 20. VII. 1979.  |5 SVKPO: B 33511 
563 |a Väzba: súdobá, lepenka, čierny štruktúrovaný papier, chrbát a rohy plátno čiernej farby, na chrbte knihy je súčasná signatúra.  |5 SVKPO: B 33511 
650 0 7 |a lingvistika  |2 SNKPH  |9 860 
650 0 7 |a Linguistics  |2 SNKPHeng  |9 265222 
650 0 7 |a čeština  |2 SNKPH  |9 1319 
650 0 7 |a slovenčina  |2 SNKPH  |9 1350 
650 0 7 |a jazykové vzťahy  |2 SNKPH  |9 559177 
650 0 7 |a fonetika  |2 SNKPH  |9 863 
650 0 7 |a staré tlače  |2 SNKPH  |9 51683 
655 7 |a monografie  |2 SNKPH  |9 70139 
655 7 |a Monographs  |2 SNKPHeng  |9 120675 
710 2 |a Egyetemi Nyomda (Budapešť, Maďarsko),  |d 1777-1948  |4 prt  |9 84294 
710 2 |a Táltos Bizománya (Budapešť, Maďarsko)  |4 pbl  |9 559178 
752 |a Budapešť  |d Maďarsko 
830 0 |a Az Orsz. Néptanulmányi Egyesület Kiadványai  |9 559179 
852 |a SVKPO  |b Historické fondy  |p B 33511 
958 |a ONDV 
958 |a NB 
958 |a DG 
999 |c 857800  |d 859730 
952 |a SNK  |b SNK  |y PREZ  |7 0  |p 17A0757054  |o snkSC 3500/1  |i snk1980/46  |0 0  |1 0  |4 0  |d 2018-09-24  |f 1  |l 0  |r 2025-06-25 00:00:00  |w 2026-02-24